Normal view MARC view

Entry Personal Name

Number of records used in: 2

001 - CONTROL NUMBER

  • control field: 715

003 - CONTROL NUMBER IDENTIFIER

  • control field: OSt

005 - DATE AND TIME OF LATEST TRANSACTION

  • control field: 20190114111212.0

008 - FIXED-LENGTH DATA ELEMENTS

  • fixed length control field: 190114|| aca||aabn | a|a d

040 ## - CATALOGING SOURCE

  • Original cataloging agency: OSt
  • Transcribing agency: OSt

100 ## - HEADING--PERSONAL NAME

  • Personal name: Audit - CAG - Assam

670 ## - SOURCE DATA FOUND

  • Source citation: Work cat.: (OSt): Government of Assam 713, Report of the Comptroller and Auditor General of India on social general and economic (non-psu) sectors, 2018

Powered by Koha